Homenaje a El Greco / (Record n. 30035)

Dettagli MARC
000 -LEADER
fixed length control field 00887nam a2200265 c 4500
003 - CONTROL NUMBER IDENTIFIER
control field IT-RoINE
005 - DATE AND TIME OF LATEST TRANSACTION
control field 20190412090647.0
008 - FIXED-LENGTH DATA ELEMENTS--GENERAL INFORMATION
fixed length control field 190221s2018 sp a |r|||| 000 | spa d
020 ## - INTERNATIONAL STANDARD BOOK NUMBER
International Standard Book Number 9788494881053
040 ## - CATALOGING SOURCE
Original cataloging agency SpMaBN
Language of cataloging spa
Transcribing agency SpMaBN IT-RoINE
Description conventions rda
Modifying agency IT-RoINE
041 ## - LANGUAGE CODE
Language code of text/sound track or separate title eng
-- spa
100 1# - MAIN ENTRY--PERSONAL NAME
Personal name Gandarias, Sofía,
Dates associated with a name 1951-2016
9 (RLIN) 58863
245 10 - TITLE STATEMENT
Title Homenaje a El Greco /
Statement of responsibility, etc Sofía Gandarias.
260 ## - PUBLICATION, DISTRIBUTION, ETC. (IMPRINT)
Place of publication, distribution, etc [Madrid] :
Name of publisher, distributor, etc Fundación Yehudi Menuhin,
Date of publication, distribution, etc 2018.
300 ## - PHYSICAL DESCRIPTION
Extent 139 p. :
Other physical details il. ;
Dimensions 31 cm.
336 ## - CONTENT TYPE
Content type term Texto
-- Imagen fija
Source rdacontent
337 ## - MEDIA TYPE
Source rdamedia
Media type term unmediated
338 ## - CARRIER TYPE
Source rdacarrier
Carrier type term volume
500 ## - GENERAL NOTE
General note En la portada: Fundación Yehudi Menuhin, España; Legado Gandarías.
500 ## - GENERAL NOTE
General note Texto a dos columnas.
546 ## - LANGUAGE NOTE
Language note Texto en inglés y español.
600 04 - SUBJECT ADDED ENTRY--PERSONAL NAME
Personal name El Greco,
Dates associated with a name ca. 1541-1614
9 (RLIN) 5336
650 #4 - SUBJECT ADDED ENTRY--TOPICAL TERM
Topical term or geographic name as entry element Celebridades
General subdivision Retratos
9 (RLIN) 58864
942 ## - ADDED ENTRY ELEMENTS (KOHA)
Item type Monografías
Dati di copia
Withdrawn status Lost status Damaged status Not for loan Home library Current library Date acquired Total Checkouts Full call number Barcode Date last seen Price effective from Koha item type
        Iglesia Nacional Española en Roma Iglesia Nacional Española en Roma 12/04/2019   ART.ARQ 1487 55968 12/04/2019 12/04/2019 Monografías